Bài tập lập trình ngôn ngữ C

Đã lưu trong:
Sonraí Bibleagrafaíochta
Príomhúdar: Nguyễn Thanh Thủy
Formáid: Leabhar
Teanga:Undetermined
Foilsithe: KHKT
Ábhair:
Clibeanna: Cuir Clib Leis
Gan Chlibeanna, Bí ar an gcéad duine leis an taifead seo a chlibeáil!
Thư viện lưu trữ: Trung tâm Học liệu Trường Đại học Cần Thơ
LEADER 00511nam a2200169Ia 4500
001 CTU_62006
008 210402s9999 xx 000 0 und d
020 |b 30500 
082 |a 005.133 
082 |b Th523 
100 |a Nguyễn Thanh Thủy 
245 0 |a Bài tập lập trình ngôn ngữ C 
245 0 |c Nguyễn Thanh Thủy và Nguyễn Quang Huy 
260 |b KHKT 
650 |a c ( computer program language ) 
904 |i Minh 
980 |a Trung tâm Học liệu Trường Đại học Cần Thơ